Cliquer pour compléter le titre - Musique - Statistiques

Statistiques générales
  • Ce quiz a été pris 4 291 fois
  • Le résultat moyen est 15 sur 20
Statistiques - réponses
Hint Réponse % Correct
Dernière Danse
95%
Mistral Gagnant
94%
Barbie Girl
92%
Comme D'habitude
91%
San Francisco
88%
L'aigle Noir
87%
I'm Alive
86%
Lose Yourself
85%
Petite Marie
84%
Foule Sentimentale
81%
Manhattan Kaboul
77%
Hey Ya !
77%
Mon Vieux
74%
Color Gitano
69%
Bad Romance
68%
L'homme Pressé
58%
Allez Reste
55%
Amour Censure
54%
Solaar Pleure
37%
American Idiot
34%
Aucun quiz correspondant
Distribution des résultats
% des personnes avec chaque résultat
Percentile par nombre de réponses
Votre historique - résultats
Vous n’avez pas pris ce quiz